Behavioral finance : (Record no. 523842)
[ view plain ]
| 000 -LEADER | |
|---|---|
| fixed length control field | 01712cam a2200325 a 4500 |
| 001 - CONTROL NUMBER | |
| control field | 16145268 |
| 003 - CONTROL NUMBER IDENTIFIER | |
| control field | NUST |
| 005 - DATE AND TIME OF LATEST TRANSACTION | |
| control field | 20190530051235.0 |
| 008 - FIXED-LENGTH DATA ELEMENTS--GENERAL INFORMATION | |
| fixed length control field | 100319s2010 njua b 001 0 eng |
| 010 ## - LIBRARY OF CONGRESS CONTROL NUMBER | |
| LC control number | 2010010865 |
| 020 ## - INTERNATIONAL STANDARD BOOK NUMBER | |
| International Standard Book Number | 9780470499115 (cloth) |
| 038 ## - RECORD CONTENT LICENSOR | |
| Staff Name | waseem |
| 040 ## - CATALOGING SOURCE | |
| Original cataloging agency | DLC |
| Transcribing agency | DLC |
| Modifying agency | DLC |
| 050 00 - LIBRARY OF CONGRESS CALL NUMBER | |
| Classification number | HG4515.15 |
| Item number | .B4384 2010 |
| 082 00 - DEWEY DECIMAL CLASSIFICATION NUMBER | |
| Classification number | 336.2019 |
| Author Mark | BAK |
| 245 00 - TITLE STATEMENT | |
| Title | Behavioral finance : |
| Remainder of title | investors, corporations, and markets / |
| Statement of responsibility, etc. | H. Kent Baker and John R. Nofsinger, editors. |
| 260 ## - PUBLICATION, DISTRIBUTION, ETC. | |
| Place of publication, distribution, etc. | Hoboken, N.J. : |
| Name of publisher, distributor, etc. | Wiley, |
| Date of publication, distribution, etc. | 2010. |
| 300 ## - PHYSICAL DESCRIPTION | |
| Extent | ix, 757 p. : |
| Other physical details | ill. ; |
| Dimensions | 27 cm. |
| 490 0# - SERIES STATEMENT | |
| Series statement | The Robert W. Kolb series in finance |
| 500 ## - GENERAL NOTE | |
| General note | Includes bibliographical references and index. |
| 505 0# - FORMATTED CONTENTS NOTE | |
| Formatted contents note | Behavioral finance : an overview / Kent H. Baker, John R. Nofsinger -- Traditional versus behavioral finance / Robert J. Bloomfield -- Behavioral finance : application and pedagogy in business education and training / Rassoul Yazdipour, James A. Howard -- Heuristics (rules of thumb) / Hugh Schwartz -- Neuroeconomics and neurofinance / Richard L. Peterson -- Emotional finance / Richard J. Taffler, David A. Tuckett -- Experimental finance / Robert J. Bloomfield, Alyssa Anderson -- The psychology of risk and uncertainty / Victor Ricciardi. |
| 650 #0 - SUBJECT ADDED ENTRY--TOPICAL TERM | |
| Topical term or geographic name entry element | Investments |
| General subdivision | Psychological aspects. |
| 9 (RLIN) | 14632 |
| 650 #0 - SUBJECT ADDED ENTRY--TOPICAL TERM | |
| Topical term or geographic name entry element | Investments |
| General subdivision | Decision making. |
| 9 (RLIN) | 14633 |
| 650 #0 - SUBJECT ADDED ENTRY--TOPICAL TERM | |
| Topical term or geographic name entry element | Finance |
| General subdivision | Psychological aspects. |
| 9 (RLIN) | 14641 |
| 700 1# - ADDED ENTRY--PERSONAL NAME | |
| Personal name | Baker, H. Kent |
| Fuller form of name | (Harold Kent), |
| Dates associated with a name | 1944- |
| 9 (RLIN) | 14642 |
| 700 1# - ADDED ENTRY--PERSONAL NAME | |
| Personal name | Nofsinger, John R. |
| 9 (RLIN) | 14643 |
| 906 ## - LOCAL DATA ELEMENT F, LDF (RLIN) | |
| a | 7 |
| b | cbc |
| c | orignew |
| d | 1 |
| e | ecip |
| f | 20 |
| g | y-gencatlg |
| 942 ## - ADDED ENTRY ELEMENTS (KOHA) | |
| Source of classification or shelving scheme | |
| Koha item type | Book |
| Withdrawn status | Lost status | Source of classification or shelving scheme | Damaged status | Not for loan | Permanent Location | Current Location | Shelving location | Date acquired | Total Checkouts | Full call number | Barcode | Date last seen | Price effective from | Koha item type |
|---|---|---|---|---|---|---|---|---|---|---|---|---|---|---|
| Central Library (CL) | Central Library (CL) | Finance | 05/30/2019 | 336.2019 BAK | CL-65 | 09/22/2020 | 05/30/2019 | Book |
